| 000 | 00501nam a2200157 i 4500 | ||
|---|---|---|---|
| 001 | 103814 | ||
| 003 | ES-MaACL | ||
| 005 | 20230906183441.0 | ||
| 007 | t| | ||
| 008 | 051118s1932 sp ||||1| spa d | ||
| 100 | 1 |
_aMeromar, E. _980591 |
|
| 245 | 1 | 0 |
_aRevelación del misterio del más allá _b: (prodigiosa actuación de un medium española) / _cE. Meromar. |
| 260 |
_aSegovia : _b[s.n.], _c1932 ( _fEl Adelantado de Segovia) |
||
| 300 |
_a597 p. ; _c26 cm. |
||
| 852 |
_aES-MaACL _jA-4582 _bR.16608 |
||
| 999 |
_c103814 _d103814 |
||